Statistics for Moons in the Solar System

Click here to take the quiz!

General Stats

  • This quiz has been taken 18 times
  • The average score is 61 of 161

Answer Stats

PlanetMoons% Correct
EarthMoon
100%
SaturnTitan
100%
MarsPhobos
91%
MarsDeimos
82%
JupiterGanymede
82%
JupiterIo
82%
JupiterCallisto
73%
JupiterEuropa
73%
NeptuneTriton
73%
SaturnEnceladus
64%
SaturnRhea
64%
UranusTitania
64%
UranusAriel
55%
SaturnDione
55%
SaturnIapetus
55%
UranusMiranda
55%
NeptuneNereid
55%
UranusOberon
55%
SaturnPan
55%
SaturnPhoebe
55%
SaturnTethys
55%
UranusUmbriel
55%
SaturnAtlas
45%
UranusBelinda
45%
SaturnCalypso
45%
JupiterCarme
45%
UranusCupid
45%
UranusDesdemona
45%
JupiterDia
45%
JupiterElara
45%
SaturnEpimetheus
45%
UranusFerdinand
45%
UranusFrancisco
45%
SaturnHelene
45%
JupiterHimalia
45%
NeptuneHippocamp
45%
PlutoHydra
45%
SaturnHyperion
45%
SaturnJanus
45%
UranusJuliet
45%
NeptuneLarissa
45%
UranusMargaret
45%
JupiterMetis
45%
SaturnMimas
45%
PlutoNix
45%
UranusOphelia
45%
SaturnPandora
45%
SaturnPrometheus
45%
JupiterSinope
45%
PlutoStyx
45%
UranusSycorax
45%
JupiterThebe
45%
JupiterAdrastea
36%
SaturnAlbiorix
36%
JupiterAmalthea
36%
JupiterAnanke
36%
JupiterAoede
36%
JupiterArche
36%
JupiterAutonoe
36%
UranusBianca
36%
UranusCaliban
36%
JupiterCarpo
36%
PlutoCharon
36%
UranusCressida
36%
JupiterCyllene
36%
NeptuneDespina
36%
JupiterEirene
36%
JupiterErinome
36%
JupiterErsa
36%
JupiterEukelade
36%
JupiterEuporie
36%
JupiterEurydome
36%
SaturnFenrir
36%
NeptuneGalatea
36%
JupiterHarpalyke
36%
JupiterIocaste
36%
JupiterKale
36%
JupiterKallichore
36%
JupiterKalyke
36%
SaturnKari
36%
JupiterKore
36%
JupiterLeda
36%
JupiterLysithea
36%
JupiterMegaclite
36%
SaturnPaaliaq
36%
JupiterPandia
36%
JupiterPasiphae
36%
UranusPerdita
36%
SaturnPolydeuces
36%
UranusPortia
36%
JupiterPraxidike
36%
UranusProspero
36%
NeptuneProteus
36%
UranusPuck
36%
UranusSetebos
36%
JupiterSponde
36%
SaturnTarvos
36%
JupiterThelxinoe
36%
JupiterThemisto
36%
SaturnThrymr
36%
JupiterThyone
36%
JupiterValetudo
36%
SaturnAegaeon
27%
SaturnAegir
27%
JupiterAitne
27%
SaturnAnthe
27%
SaturnBestla
27%
JupiterCallirrhoe
27%
JupiterChaldene
27%
UranusCordelia
27%
SaturnDaphnis
27%
JupiterEuanthe
27%
JupiterEupheme
27%
SaturnFornjot
27%
NeptuneHalimede
27%
SaturnHati
27%
JupiterHegemone
27%
JupiterHelike
27%
JupiterHerse
27%
SaturnIjiraq
27%
PlutoKerberos
27%
SaturnKiviuq
27%
NeptuneLaomedeia
27%
SaturnLoge
27%
UranusMab
27%
SaturnMethone
27%
JupiterMneme
27%
NeptuneNaiad
27%
SaturnNarvi
27%
NeptuneNeso
27%
JupiterOrthosie
27%
SaturnPallene
27%
JupiterPasithee
27%
JupiterPhilophrosyne
27%
NeptunePsamathe
27%
NeptuneSao
27%
SaturnSiarnaq
27%
UranusStephano
27%
SaturnSuttungr
27%
JupiterTaygete
27%
SaturnTelesto
27%
NeptuneThalassa
27%
UranusTrinculo
27%
SaturnYmir
27%
SaturnBebhionn
18%
SaturnBergelmir
18%
SaturnErriapus
18%
SaturnFarbauti
18%
SaturnGreip
18%
JupiterHermippe
18%
SaturnHyrrokkin
18%
JupiterIsonoe
18%
SaturnJarnsaxa
18%
JupiterJupiter LI
18%
JupiterJupiter LII
18%
SaturnMundilfari
18%
UranusRosalind
18%
SaturnSkathi
18%
SaturnSkoll
18%
SaturnSurtur
18%
SaturnTarqeq
18%

Score Distribution

Percentile by Number Answered

Percent of People with Each Score

Your Score History

You have not taken this quiz